| 000 | 00659nam a2200193 a 4500 | ||
|---|---|---|---|
| 001 | 000026812 | ||
| 005 | 20200930030427.0 | ||
| 008 | 110325s1993 dr 000 0 spa d | ||
| 040 |
_aDO-SdBNP _bspa _cBNPHU |
||
| 082 |
_axxx _bT683a |
||
| 100 | 1 |
_aToribio, Juan _953928 |
|
| 245 | 1 | 0 |
_aAnálisis de la reforma tributaria en la República Dominicana / _cJuan Toribio, Teófilo A. Reyes. |
| 260 |
_aSanto Domingo : _bTriunfo, _c1993. |
||
| 300 |
_a179 p. ; _c25 cm. |
||
| 500 | _aIncluye datos biográficos de los autores en la solapa de la cubierta | ||
| 500 | _aIncluye notas al pie de las páginas | ||
| 700 | 1 |
_aReyes, Teófilo A. _953929 |
|
| 049 | _aBNPD | ||
| 999 |
_c26304 _d26304 |
||